Mixolydische Sonatine für Viola und Klavier /

Hlavní autor: Matz, Arnold, 1904-1991
Jazyk: Nelze použít, není lingvistický obsah
Vydáno: Leipzig : Peters, 1964
Edice: Edition Peters
Fyzický popis: 2, 6 s.
Hudebniny Hudebniny
Uloženo v:
LEADER 00753ncm a22002292a 4500
001 001238775
003 CZ BrMZK
005 20120813095003.0
007 qu
008 120813s1964 gw |||||||||||||||||zxx d
040 |a BOA001  |b cze 
072 7 |a 787  |x Hudba pro strunné a smyčcové nástroje  |2 Konspekt  |9 9 
100 1 |a Matz, Arnold,  |d 1904-1991  |7 mzk2011621472  |4 cmp 
245 1 0 |a Mixolydische Sonatine  |h [hudebnina] :  |b für Viola und Klavier /  |c Arnold Matz 
260 |a Leipzig :  |b Peters,  |c 1964 
300 |a 2, 6 s. 
490 1 |a Edition Peters ;  |v Nr. 4608 
830 0 |a Edition Peters 
910 |a BOA001  |b Mus4-0563.867 
990 |a MU 
991 |b 201208 
996 6 |b 2619103364  |c Mus4-0563.867  |l MZK  |r Sklad / do 1 hodiny  |n 0  |w 001272745  |u 000010  |a 1  |e BOA001  |j MZK50  |s P